Datum a čas kvízu
29.5
Celkem bodů
Celkový počet nahraných bodů na tomto kvízu bez doplňovacích otázek.
6.
Pořadí na kvízu
Konečné umístění týmu na tomto kvízu.
Zaznamenané odpovědi
| # | Otázka | Odpověď | Body | Výsledky |
|---|---|---|---|---|
| 1. | Portréty prvních dam jsou oblí... | o Livii Klausové | 1 | |
| 2. | Donald Trump daroval členům sv... | boty | 0 | |
| 3. | V poslanecké sněmovně proběhl... | v (lidovém) kroji | 1 | |
| 4. | V rámci oslav 75. výročí od vz... | Escherichia coli (E. coli) | 0 | |
| 5. | Kazachstánský tenista Alexandr... | rukojetí rakety | 1 | |
| 6. | Nejrozšířenějším „národním spo... | D | 1 | |
| 7. | Za národní sport lze považovat... | národní házená (česká házená) | 1 | |
| 8. | Podle anglické Wikipedie exist... | o Kanadě | 1 | |
| 9. | U uzákoněných národních sportů... | polo; basketbal | 0 | |
| 10. | I medailové úspěchy z olympijs... | D | 1 |